| 000 | 003320000a22000970004500 | ||
|---|---|---|---|
| 100 | 1 | _aLeguineche, Manuel | |
| 245 | 1 | 0 | _aArafat en la Tierra Prometida : Arafat ha regresado a la casa de su padres de la mano de la esperanza para Palestina |
| 300 | _aVol. 58, Num. 58 (Julio, 1994), Páginas 38-40 | ||
| 773 | 0 | _tCambio 16 | |
| 942 | _cANA | ||
| 999 |
_c58560 _d58560 |
||